<?xml version="1.0" encoding="UTF-8"?>
<record
    xmlns:xsi="http://www.w3.org/2001/XMLSchema-instance"
    xsi:schemaLocation="http://www.loc.gov/MARC21/slim http://www.loc.gov/standards/marcxml/schema/MARC21slim.xsd"
    xmlns="http://www.loc.gov/MARC21/slim">

  <leader>02782njm a2200469Ia 4500</leader>
  <controlfield tag="001">23923</controlfield>
  <controlfield tag="003">IT-RoPAU</controlfield>
  <controlfield tag="005">20220918181122.0</controlfield>
  <controlfield tag="008">131025s9999    xx            000 0 und d</controlfield>
  <datafield tag="040" ind1=" " ind2=" ">
    <subfield code="a">IT-RoPAU</subfield>
  </datafield>
  <datafield tag="040" ind1=" " ind2=" ">
    <subfield code="c">IT-RoPAU</subfield>
  </datafield>
  <datafield tag="041" ind1=" " ind2=" ">
    <subfield code="a">ITALIANO</subfield>
  </datafield>
  <datafield tag="999" ind1=" " ind2=" ">
    <subfield code="c">99893</subfield>
    <subfield code="d">99893</subfield>
  </datafield>
  <datafield tag="999" ind1=" " ind2=" ">
    <subfield code="b">n.d.</subfield>
  </datafield>
  <datafield tag="100" ind1=" " ind2=" ">
    <subfield code="a">AA.VV.</subfield>
    <subfield code="9">794</subfield>
  </datafield>
  <datafield tag="100" ind1=" " ind2=" ">
    <subfield code="e">Autore musica</subfield>
    <subfield code="9">7536</subfield>
  </datafield>
  <datafield tag="100" ind1=" " ind2=" ">
    <subfield code="g">Codice autore musica SPICS: 12000</subfield>
    <subfield code="9">796</subfield>
  </datafield>
  <datafield tag="245" ind1=" " ind2=" ">
    <subfield code="a">Canzoncine del west (Lp Lpup 5128)</subfield>
  </datafield>
  <datafield tag="250" ind1=" " ind2=" ">
    <subfield code="a">1a ed.</subfield>
  </datafield>
  <datafield tag="260" ind1=" " ind2=" ">
    <subfield code="a">ITALIA</subfield>
  </datafield>
  <datafield tag="260" ind1=" " ind2=" ">
    <subfield code="b">UP INTERNATIONAL</subfield>
    <subfield code="c">1977 [1a Ed.:1977 - Ed. Lingua Orig.: 1977]</subfield>
  </datafield>
  <datafield tag="300" ind1=" " ind2=" ">
    <subfield code="a">DISCO</subfield>
  </datafield>
  <datafield tag="300" ind1=" " ind2=" ">
    <subfield code="c">30 minuti (Testo:  pag.)</subfield>
  </datafield>
  <datafield tag="500" ind1=" " ind2=" ">
    <subfield code="a">Canzoni per bambini. Musica western. Cow boy.</subfield>
  </datafield>
  <datafield tag="505" ind1=" " ind2=" ">
    <subfield code="a">Oh Susanna (3:00) - Tom Dooley (4:00) - Furia (3:00) - Conosco un cowboy (3:00) - Il banjo del far west (3:00) - Davy Crockett [(Ballad of Davy Crockett) (3:00)] - Nella vecchia fattoria (3:00) - Oh mia cara Clementina [(Oh My Darling Clementine) (3:00)] - Vankee Doodle (3:00) - La casa nella prateria (3:00) - Pecos Bill (3:00) - Jesse James (4:00)</subfield>
  </datafield>
  <datafield tag="650" ind1=" " ind2=" ">
    <subfield code="a">CANTI BAMBINI [DISCHI]</subfield>
    <subfield code="e">Codice MATERIA SPICS: 9950</subfield>
    <subfield code="9">2086</subfield>
  </datafield>
  <datafield tag="700" ind1=" " ind2=" ">
    <subfield code="a">Country Baby Group (The)</subfield>
    <subfield code="g">Codice interprete SPICS: 14059</subfield>
    <subfield code="9">7537</subfield>
    <subfield code="e">Interprete</subfield>
  </datafield>
  <datafield tag="700" ind1=" " ind2=" ">
    <subfield code="a">Foster S.C.</subfield>
    <subfield code="g">Codice autore testo/musica SPICS: 14154</subfield>
    <subfield code="e">Autore testo/musica</subfield>
    <subfield code="p">Oh Susanna</subfield>
    <subfield code="9">7538</subfield>
  </datafield>
  <datafield tag="700" ind1=" " ind2=" ">
    <subfield code="a">Lomax John A.</subfield>
    <subfield code="g">Codice autore musica SPICS: 14101</subfield>
    <subfield code="e">Autore musica</subfield>
    <subfield code="p">Tom Dooley</subfield>
    <subfield code="9">7539</subfield>
  </datafield>
  <datafield tag="700" ind1=" " ind2=" ">
    <subfield code="a">Bertini Umberto</subfield>
    <subfield code="g">Codice autore SPICS: 13511</subfield>
    <subfield code="e">Autore</subfield>
    <subfield code="p">Tom Dooley</subfield>
    <subfield code="9">7540</subfield>
  </datafield>
  <datafield tag="700" ind1=" " ind2=" ">
    <subfield code="a">Warner F.</subfield>
    <subfield code="g">Codice autore testo/musica SPICS: 26137</subfield>
    <subfield code="e">Autore testo/musica</subfield>
    <subfield code="p">Tom Dooley</subfield>
    <subfield code="9">7541</subfield>
  </datafield>
  <datafield tag="700" ind1=" " ind2=" ">
    <subfield code="a">Albertelli Luigi</subfield>
    <subfield code="g">Codice autore musica SPICS: 14330</subfield>
    <subfield code="e">Autore musica</subfield>
    <subfield code="p">Furia</subfield>
    <subfield code="9">7542</subfield>
  </datafield>
  <datafield tag="700" ind1=" " ind2=" ">
    <subfield code="a">De Angelis Guido</subfield>
    <subfield code="g">Codice autore SPICS: 10854</subfield>
    <subfield code="e">Autore</subfield>
    <subfield code="p">Furia</subfield>
    <subfield code="9">7543</subfield>
  </datafield>
  <datafield tag="700" ind1=" " ind2=" ">
    <subfield code="a">De Angelis Maurizio</subfield>
    <subfield code="g">Codice autore testo/musica SPICS: 10855</subfield>
    <subfield code="e">Autore testo/musica</subfield>
    <subfield code="p">Furia</subfield>
    <subfield code="9">7544</subfield>
  </datafield>
  <datafield tag="700" ind1=" " ind2=" ">
    <subfield code="a">Giacobetti Giovanni (Tata)</subfield>
    <subfield code="g">Codice autore musica SPICS: 13483</subfield>
    <subfield code="e">Autore musica</subfield>
    <subfield code="p">Conosco un cowboy - Nella vecchia fattoria</subfield>
    <subfield code="9">7545</subfield>
  </datafield>
  <datafield tag="700" ind1=" " ind2=" ">
    <subfield code="a">Savona Virgilio A.</subfield>
    <subfield code="g">Codice autore testo/musica SPICS: 1568</subfield>
    <subfield code="e">Autore testo/musica</subfield>
    <subfield code="p">Conosco un cowboy - Nella vecchia fattoria</subfield>
    <subfield code="9">7546</subfield>
  </datafield>
  <datafield tag="700" ind1=" " ind2=" ">
    <subfield code="a">Kramer Gorni</subfield>
    <subfield code="g">Codice autore testo/musica SPICS: 11552</subfield>
    <subfield code="e">Autore testo/musica</subfield>
    <subfield code="p">Nella vecchia fattoria</subfield>
    <subfield code="9">7547</subfield>
  </datafield>
  <datafield tag="700" ind1=" " ind2=" ">
    <subfield code="a">Anonimo</subfield>
    <subfield code="g">Codice autore musica SPICS: 2620</subfield>
    <subfield code="e">Autore musica</subfield>
    <subfield code="p">Oh mia cara Clementina - Vankee Doodle - La casa nella prateria - Jesse James</subfield>
    <subfield code="9">7548</subfield>
  </datafield>
  <datafield tag="700" ind1=" " ind2=" ">
    <subfield code="a">Daniel Eliot</subfield>
    <subfield code="g">Codice autore musica SPICS: 14171</subfield>
    <subfield code="e">Autore musica</subfield>
    <subfield code="p">Pecos Bill</subfield>
    <subfield code="9">7549</subfield>
  </datafield>
  <datafield tag="700" ind1=" " ind2=" ">
    <subfield code="a">Ardo</subfield>
    <subfield code="g">Codice autore SPICS: 14156</subfield>
    <subfield code="e">Autore</subfield>
    <subfield code="p">Pecos Bill</subfield>
    <subfield code="9">7550</subfield>
  </datafield>
  <datafield tag="700" ind1=" " ind2=" ">
    <subfield code="a">Lange Johnny</subfield>
    <subfield code="g">Codice autore testo/musica SPICS: 14155</subfield>
    <subfield code="e">Autore testo/musica</subfield>
    <subfield code="p">Pecos Bill</subfield>
    <subfield code="9">7551</subfield>
  </datafield>
  <datafield tag="942" ind1=" " ind2=" ">
    <subfield code="c">MD</subfield>
    <subfield code="2">ddc</subfield>
  </datafield>
  <datafield tag="952" ind1=" " ind2=" ">
    <subfield code="0">0</subfield>
    <subfield code="1">0</subfield>
    <subfield code="4">0</subfield>
    <subfield code="6">23923_000000000000000</subfield>
    <subfield code="7">1</subfield>
    <subfield code="a">SPICS</subfield>
    <subfield code="b">SPICS</subfield>
    <subfield code="d">2013-10-25</subfield>
    <subfield code="l">0</subfield>
    <subfield code="o">23923</subfield>
    <subfield code="r">2013-10-25 00:00:00</subfield>
    <subfield code="w">2013-10-25</subfield>
    <subfield code="y">MD</subfield>
    <subfield code="z">Progr. Ins.: 4770 / N.Vol.: 1 / Copie: 1 - Copia rara: n.d. / date import: 01.01.2014 - By Epidotti, Trombetti, Vaglietti</subfield>
  </datafield>
</record>
